Estadísticas para 15 principales países afectados por Covid19 - 9 septiembre

Haz click aquí para intentar la prueba.

Estadísticas generales

  • Esta prueba ha sido intentada 8 veces
  • La puntuación promedio es 15 de 23

Estadísticas de respuestas

país% Correcto
Argentina
100%
Brasil
100%
España
88%
Estados Unidos
88%
Francia
88%
India
88%
México
88%
Rusia
88%
Chile
75%
Chile
75%
Colombia
75%
Perú
75%
Reino Unido
75%
Sudáfrica
75%
Irán
63%
Panamá
50%
Bangladés
38%
Israel
38%
Catar
25%
Kuwait
25%
Armenia
13%
Baréin
13%
Omán
13%

Distribución de puntuación

Porcentaje por número respondido

Porcentaje de gente con cada puntuación

Historial de tus puntuaciones

No has intentado esta prueba.